000 00314nam a2200157Ia 4500
100 _aFreeman/Eric
650 _aHTML
942 _cBK
366 _f25
245 _aHead first HTML 5 programmin
260 _bSPD
_c2011
082 _a4.65
_bFRE
300 _a573
546 _aENGLISH
_cComputers
999 _c30958
_d30958